• 首页
  • 本馆介绍
  • 公告通知
  • 最新文献
  • 馆藏检索
  • 电子资源
  • 读者导购
  • 参考咨询
  • 我的图书馆
  • 登录
  • 详细信息显示
  • 放入我的书架
  • 预约/预借图书
  • 作者相关作品
  • 分类相关作品
  • 丛书相关作品
  • 出版社相关作品

书目信息

  • 表格格式
  • 工作单格式
  • 卡片格式
题名:
水经注疏
    
 
作者: 郦道元 著 ;杨守敬 , 熊会贞 疏
分册: 中  
出版信息: 南京   江苏古籍出版社  1989.6
页数: 1097-2344页
开本: 21厘米
丛书名:
单 册:
中图分类: K928.4
科图分类:
主题词: 古水道-历史地理--中国 , 历史地理-古水道--中国
电子资源:
ISBN: 7-80519-131-X
000 00846nam0 2200277 45
001 0190002568
005 20061120155402.56
010    @a7-80519-131-X@b精装@dCNY25.00
100    @a19921104e1989 kemy0chiy0121 ea
101 0  @achi
102    @aCN@b320000
105    @ay z 000yy
200 10 @a水经注疏@h中@ASHUI JING ZHU SHU@f(后魏)郦道元著@F( HOU WEI ) LI DAO YUAN ZHU@g(清)杨守敬,熊会贞疏
205    @b影印本
210    @a南京@c江苏古籍出版社@d1989.6
215    @a1097-2344页@d21厘米
540 1  @a水经注 疏@ASHUI JING ZHU SHU
605    @a水经注@x注释
606    @a古水道-历史地理@y中国
606    @a历史地理-古水道@y中国
690    @aK928.4
701  0 @a郦道元@ALI DAO YUAN@4著
702  0 @a杨守敬@AYANG SHOU JING@4疏
702  0 @a熊会贞@AXIONG HUI ZHEN@4疏
801  0 @aCN@bTSSF@c20061120
905    @a10447@dK928.4@e168:2
    
    水经注疏.中/(后魏)郦道元著/(清)杨守敬,熊会贞疏.-影印本.-南京:江苏古籍出版社,1989.6
    1097-2344页;21厘米
    
    
    ISBN 7-80519-131-X(精装):CNY25.00
    
●
相关链接 在E读中查询图书 在五车中查询图书 在当当中查询图书 在豆瓣中查询图书


正题名:水经注疏     索取号:K928.4/168:2         预约/预借

序号 登录号 条形码 馆藏地/架位号 状态 备注
1 0238207   202091244   第二样本阅览室/ [索取号:K928.4/168:2] 在馆    
唐山师范学院图书馆 欢迎您!
大连网信软件有限公司© 版权所有